00651nam a22002057a 450000500170000001000130001702000220003003500130005203700160006504000120008108200170009310000170011024501060012726000510023327000490028430000200033350000510035365000220040465000190042620170124110236.0 aA-991594 c00.00a8176481017 aA-991594 bCen Lib/Ret aDPLbEN a333.794bMAZ aMazumdar, B. aA text book of energy technology :cby B. Mazumadarbboth conetional and renewable source of energy / aNew DelhibA.P.H. publishing corporationc1999 bNew Delhia5, Ansari road, Daryaganje110002 a208p.c23cm(Hb) aIncludes bibliographical references and index  aEnergy technology aRenewal energy